000 00605nam a2200205Ia 4500
003 GCL
008 140319s9999 xx 000 0 ara d
040 _aGCL /
_cGCL
082 0 4 _a910.03
_bف ا
100 1 _aمحمد السيد غلاب
245 1 0 _aالارض والتطور البشرى /
_cمحمد السيد غلاب
700 1 _aابراهيم احمد زرقانة
700 1 _aفيفر، لوسيان
300 _a252 ص
490 _aالالف كتاب
_v0
650 0 4 _aتاريخ
650 0 4 _aالعالم - تاريخ
650 0 4 _aالتطور البشرى
942 _2ddc
_cBK
999 _c43537
_d43537